000 00666cam a2200229 i 4500
999 _c125952
_d125952
001 22017504
005 20220330103502.0
008 210430s2022 flua b 001 0 eng
020 _a9781439858059
020 _a9781032101392
040 _cPK-LaUMT
082 0 0 _a519.535
_223
_bRAV-F
100 1 _aRavishanker, Nalini
245 1 2 _aA first course in linear model theory /
_cby Nalini Ravishanker, Zhiyi Chi and Dipak K. Dey
250 _a2nd ed.
260 _aBoca Raton :
_bCRC Press,
_c2022
300 _axvi, 513 p. :
_billustrations ;
_c27 cm
650 0 _aLinear models (Statistics)
700 1 _aChi, Zhiyi,
700 1 _aDey, Dipak,
942 _cBK